00963nam a2200301 a 4500001001000000003000900010005001700019007001000036008004100046020001800087040002200105092002000127100002100147245005600168260004500224300002100269650002400290650002600314910003700340930002100377942001200398945004500410952011700455956001800572956001800590956003800608999001500646000040786DO-SdBNP20180212111635.0000040786130906s2009 dr 000 p spa d a9789945420791 aBPMSUbspacBPMSU aRD861.44bA636i1 aAcevedo, Sheila 10aIntimidades : bpoemas eróticos /cJanyll Antuna. aSanto Domingo :bEditora Nacional c2010 a77 p. ;c21 cm. 4aPOESÏA DOMINICANA 4aLITERATURA DOMINICANA aValidado. Control de calidad MFF 1l m 8 f p g  2ddccBK aTítulo remanejado para BNPHU / 2018 VM 00102ddc40708CDaBPMETbBPMETd2015-10-02l0oRD861.44 A861.44ipBPMSU15100031r2015-10-02w2015-10-02yBK a b c l h  a b c l h  aVMATEOb10c20150525lBMSUh00151 c7890d7890